Apóstolo de Jesus - Statistics

Estatísticas Gerais
  • Esse quiz foi jogado 775 vezes
  • A pontuação média é 7 de 12
Estatísticas das Respostas
# Apóstolo % Correto
1 Pedro
96%
12 Judas
95%
3 João
91%
6 Mateus
81%
8 Tomé
59%
4 André
54%
9 Simão
54%
7 Bartolomeu
47%
5 Felipe
44%
11 Tadeu
40%
2 Tiago Maior
36%
10 Tiago Menor
36%
Nenhum quiz correspondente encontrado
Distribuição das Pontuações
Porcentagem de Pessoas com Cada Pontuação
Percentil de Números Respondidos
Sua Pontuação Histórica
Você não jogou esse quiz